• 首页
  • 本馆介绍
  • 公告通知
  • 最新文献
  • 馆藏检索
  • 电子资源
  • 读者导购
  • 参考咨询
  • 我的图书馆
  • 登录
  • 详细信息显示
  • 放入我的书架
  • 预约/预借图书
  • 作者相关作品
  • 分类相关作品
  • 丛书相关作品
  • 出版社相关作品

书目信息

  • 表格格式
  • 工作单格式
  • 卡片格式
题名:
图解量子化学
    
 
作者: 福井谦一 著 ;廖代伟 译
分册:  
出版信息: 北京   化学工业出版社  1981
页数: 101页
开本: 19cm
丛书名:
单 册:
中图分类: O641.12
科图分类:
主题词: 量子化学--图解 , 物理化学 , 量子化学
电子资源:
ISBN:
000 00715nam0 2200265 45
001 0181005449
005 20060814105526.70
010    @dCNY0.38
091    @a15063.3332
100    @a19950623d1981 em y0chiy0121 ea
101 1  @achi@cjpn
102    @aCN@b110000
105    @af z 000yy
200 10 @a图解量子化学@Atu jie liang zi hua xue@f(日)福井谦一著@g廖代伟译
210    @a北京@c化学工业出版社@d1981
215    @a101页@d19cm
606    @a量子化学@x图解
606 0  @a物理化学
606 0  @a量子化学
690    @aO641.12
701  0 @a福井谦一@Afu jing qian yi@4著@f日
702  0 @a廖代伟@Aliao dai wei@4译
801  2 @aCN@bNLC@c20060814
801  0 @aCN@b上海图书馆@c20060731
905    @dO641.12@e11
    
    图解量子化学/(日)福井谦一著/廖代伟译.-北京:化学工业出版社,1981
    101页;19cm
    
    
    ISBN :CNY0.38
    
●
相关链接 在E读中查询图书 在五车中查询图书 在当当中查询图书 在豆瓣中查询图书


正题名:图解量子化学     索取号:O641.12/11         预约/预借

序号 登录号 条形码 馆藏地/架位号 状态 备注
1 0106694   000347805   第三借阅区/ [索取号:O641.12/11] 在馆    
2 0106695   001937159   第三借阅区/ [索取号:O641.12/11] 在馆    
3 0106696   000347761   第二样本阅览室/ [索取号:O641.12/11] 在馆    
4 0432093   204320939   密集书库/ [索取号:O641.12/11] 在馆    
5 0434148   204341480   密集书库/ [索取号:O641.12/11] 在馆    
6 0434211   204342112   密集书库/ [索取号:O641.12/11] 在馆    
7 0460985   204609851   密集书库/ [索取号:O641.12/11] 在馆    
8 0460986   204609860   密集书库/ [索取号:O641.12/11] 在馆    
9 0460987   204609879   密集书库/ [索取号:O641.12/11] 在馆    
唐山师范学院图书馆 欢迎您!
大连网信软件有限公司© 版权所有